Countries of the World: Upside Down - Statistics

General Stats
  • This quiz has been taken 24 times
  • The average score is 165 of 196
Answers on the Map
Answers color-coded by a green-red scale on the quiz's map according to % correct below.
 
Answer Stats
Country % Correct
Canada
100%
Mexico
100%
United States
100%
Afghanistan
94%
Argentina
94%
Australia
94%
Belarus
94%
Belize
94%
Bolivia
94%
Brazil
94%
Chile
94%
China
94%
Colombia
94%
Dominican Republic
94%
Egypt
94%
Estonia
94%
Ethiopia
94%
Finland
94%
France
94%
Germany
94%
Hungary
94%
India
94%
Iran
94%
Iraq
94%
Italy
94%
Latvia
94%
Lithuania
94%
Mali
94%
Mongolia
94%
Montenegro
94%
Nepal
94%
New Zealand
94%
Niger
94%
Nigeria
94%
North Korea
94%
Norway
94%
Oman
94%
Pakistan
94%
Panama
94%
Paraguay
94%
Peru
94%
Poland
94%
Portugal
94%
Romania
94%
Russia
94%
Somalia
94%
South Korea
94%
Spain
94%
Sudan
94%
Sweden
94%
Syria
94%
Turkey
94%
United Arab Emirates
94%
United Kingdom
94%
Uruguay
94%
Vatican City
94%
Vietnam
94%
Yemen
94%
Albania
88%
Algeria
88%
Andorra
88%
Angola
88%
Antigua and Barbuda
88%
Austria
88%
Bahamas
88%
Bangladesh
88%
Belgium
88%
Cambodia
88%
Croatia
88%
Cuba
88%
Democratic Republic of the Congo
88%
Denmark
88%
Dominica
88%
Ecuador
88%
Greece
88%
Guyana
88%
Iceland
88%
Indonesia
88%
Ireland
88%
Israel
88%
Japan
88%
Jordan
88%
Kazakhstan
88%
Kosovo
88%
Libya
88%
Madagascar
88%
Malaysia
88%
Malta
88%
Morocco
88%
Myanmar
88%
Netherlands
88%
Nicaragua
88%
Papua New Guinea
88%
Philippines
88%
Qatar
88%
Saudi Arabia
88%
Serbia
88%
Slovakia
88%
South Africa
88%
South Sudan
88%
Sri Lanka
88%
Suriname
88%
Switzerland
88%
Taiwan
88%
Thailand
88%
Tunisia
88%
Turkmenistan
88%
Ukraine
88%
Venezuela
88%
Zimbabwe
88%
Bahrain
82%
Bhutan
82%
Botswana
82%
Brunei
82%
Bulgaria
82%
Chad
82%
Costa Rica
82%
Cyprus
82%
Czech Republic
82%
Eritrea
82%
Georgia
82%
Guatemala
82%
Haiti
82%
Honduras
82%
Kenya
82%
Kyrgyzstan
82%
Laos
82%
Liechtenstein
82%
Luxembourg
82%
Maldives
82%
Moldova
82%
Monaco
82%
North Macedonia
82%
San Marino
82%
Senegal
82%
Slovenia
82%
Tajikistan
82%
Uzbekistan
82%
Zambia
82%
Armenia
76%
Azerbaijan
76%
Bosnia and Herzegovina
76%
Cape Verde
76%
Central African Republic
76%
East Timor
76%
El Salvador
76%
Eswatini
76%
Fiji
76%
Gambia
76%
Grenada
76%
Ivory Coast
76%
Jamaica
76%
Kuwait
76%
Lebanon
76%
Mauritania
76%
Mozambique
76%
Namibia
76%
Republic of the Congo
76%
Saint Kitts and Nevis
76%
Saint Lucia
76%
Solomon Islands
76%
Barbados
71%
Burkina Faso
71%
Burundi
71%
Cameroon
71%
Comoros
71%
Djibouti
71%
Federated States of Micronesia
71%
Gabon
71%
Ghana
71%
Guinea
71%
Guinea-Bissau
71%
Lesotho
71%
Liberia
71%
Marshall Islands
71%
Mauritius
71%
Nauru
71%
Rwanda
71%
Saint Vincent and the Grenadines
71%
Samoa
71%
Seychelles
71%
Singapore
71%
Tanzania
71%
Tonga
71%
Uganda
71%
Vanuatu
71%
Benin
65%
Malawi
65%
Palau
65%
Sierra Leone
65%
Togo
65%
Trinidad and Tobago
65%
Tuvalu
65%
São Tomé and Príncipe
59%
Equatorial Guinea
59%
Kiribati
59%
No matching quizzes found
Score Distribution
Percent of People with Each Score
Percentile by Number Answered
Your Score History
You have not taken this quiz